Benrley's Textbook of Pharmaceutics (Record no. 10805)
[ view plain ]
| 000 -LEADER | |
|---|---|
| fixed length control field | 00425nam a2200181Ia 4500 |
| 003 - CONTROL NUMBER IDENTIFIER | |
| control field | OSt |
| 005 - DATE AND TIME OF LATEST TRANSACTION | |
| control field | 20231214105118.0 |
| 008 - FIXED-LENGTH DATA ELEMENTS--GENERAL INFORMATION | |
| fixed length control field | 230312s9999||||xx |||||||||||||| ||und|| |
| 040 ## - CATALOGING SOURCE | |
| Transcribing agency | ABC |
| 082 ## - DEWEY DECIMAL CLASSIFICATION NUMBER | |
| Classification number | 615.19 |
| Item number | BEN-B |
| 100 ## - MAIN ENTRY--PERSONAL NAME | |
| Personal name | Bentley |
| 245 #0 - TITLE STATEMENT | |
| Title | Benrley's Textbook of Pharmaceutics |
| Statement of responsibility, etc. | Bentley |
| 250 ## - EDITION STATEMENT | |
| Edition statement | 8th ed. |
| 300 ## - PHYSICAL DESCRIPTION | |
| Extent | 725 |
| 500 ## - GENERAL NOTE | |
| General note | Index Given. |
| 650 ## - SUBJECT ADDED ENTRY--TOPICAL TERM | |
| Topical term or geographic name entry element | Pharmacy |
| Form subdivision | Pharmaceutics |
| 942 ## - ADDED ENTRY ELEMENTS (KOHA) | |
| Koha item type | BOOK |
| Source of classification or shelving scheme | Dewey Decimal Classification |
| Withdrawn status | Lost status | Source of classification or shelving scheme | Damaged status | Not for loan | Collection | Home library | Current library | Date acquired | Total Checkouts | Full call number | Barcode | Date last seen | Price effective from | Koha item type |
|---|---|---|---|---|---|---|---|---|---|---|---|---|---|---|
| Dewey Decimal Classification | Pharmacy | Superior Information Resource Center (SIRC) Superior University- Main Campus | Superior Information Resource Center (SIRC) Superior University- Main Campus | 03/13/2023 | 615.19 BEN-B | 10920 | 03/13/2023 | 03/13/2023 | BOOK |
